000 00548nam a2200193Ia 4500
005 20250923150016.0
008 008 250917s9999 xx 000 0 eng d
037 _aTextual
040 _aDSWL
_beng
_cDSWL
041 _aeng
_2eng
084 _aX:9Bx2, N98
_qDSWL
245 0 _aEconomics of child labour in hazardous industries in India
_cEd. by R. Anker
260 _aBaroda
_b C.O.R.T.
_c1998
300 _axv,211 p.
365 _aINR
_b450.00
925 _g450.00
942 _cTEXL
_hX:9Bx2, N98
999 _c1458442
_d1458442